LEADER 01140nam a2200277 i 4500 001 000000146683 003 CaOOAMICUS 005 20190116140508.0 008 100924s1980 gw u000 u ger u 013 $a123496 020 $a3-534-06686-3 040 $aSeMil$bita 100 1 $aHasenhüttl, Gotthold <1933- >.$0(OLS)http://semarc/name/18631 245 10$aEinführung in die Gotteslehre /$cGotthold Hasenhüttl. 260 $aDarmstadt :$bWissenschaftliche Buchgesellschaft,$c1980. 300 $aVII, 267 p. ;$c22 cm. 490 0 $aDie Theologie [WBG] 650 4$aDio - Teologia.$0(OLS)http://semarc/subject/1408 650 4$aAteismo - Teologia.$0(OLS)http://semarc/subject/9601 830 4$aDie Theologie.$0(OLS)http://semarc/title/450523 850 $aSeMil 852 $aSeMil$W1$xVenegono$y1$m2RA II 10$j99315$B99315$CSeMilBibl$Z2$F107784 $81 996 $6020$a3-534-06686-3$9(OLS)http://semarc/number/135260 996 $6245$aEinführung in die Gotteslehre$9(OLS)http://semarc/title/214489 996 $6260$aDarmstadt :$bWissenschaftliche Buchgesellschaft$9(OLS)http://semarc/publisher/32002 LEADER 01673nas a2200265 i 4500 001 000000032929 003 CaOOAMICUS 005 20190212164015.0 008 180830s1963 it uu u0 0ita r 022 $a0022-5711 040 $aSeMil$bita 240 10$aJucunda Laudatio : rassegna di musica antica.$0(OLS)http://semarc/title/44582 245 10$aJucunda Laudatio :$brassegna gregoriana /$crivista trimestrale dei PP. Benedettini. 260 $aSan Giorgio Maggiore (Venezia) :$b[s.n.],$c1963. 300 $av. ;$c24 cm. 500 $aDal 1965 (Anno 2.) il complemento del titolo varia in: Rassegna di musica antica. - Dimensioni variabili : 24-25 cm. 500 $aConsistenza: A. 7., nn. 3-4 (Luglio-Dicembre 1969) ; A. 15. (1976-1977) 700 1 $aBenedettini .$0(OLS)http://semarc/name/15150 774 0 $aMoneta Caglio, Ernesto Teodoro $t"jubilus" e le origini della salmodia responsoriale. Ad Aquileia una delle più antiche vestigia di "schola cantorum".$dSan Giorgio Maggiore (Venezia) : [s.n.], 1976-1977$w()56278 774 0 $aFerretti, Paolo Maria $tHarmonica e ritmica nella musica antica.$dSan Giorgio Maggiore (Venezia) : [s.n.], 1969.$w()129814 774 0 $aCargnello, Giuseppe <1940- >$tCanti sacri aquileiesi della tradizione orale.$dSan Giorgio Maggiore (Venezia) : [s.n.], 1978-1979$w()253124 996 $6022$a0022-5711$9(OLS)http://semarc/number/1469 996 $6245$aJucunda Laudatio :$brassegna gregoriana$9(OLS)http://semarc/title/44581 996 $6260$aSan Giorgio Maggiore (Venezia) :$b[s.n.]$9(OLS)http://semarc/publisher/39462